Quizzes
Events
Quiz Creation
Community
Videos
Private Events
Remove Ads
Sign In
Join for FREE
Feedback
Dark Mode
Quiz Categories
Sports
Geography
Music
Movies
Television
Just For Fun
Miscellaneous
History
Literature
Language
Science
Gaming
Entertainment
Religion
Holiday
For Kids
Quiz Lab
Recent
Popular Today
Quiz Kudos Today
Editor Picks
Curator Picks
Quizzes by...
Day
Popularity
Type
Ratings
Length
Year
Community
Subscriptions
Recent Discussions
Orange Saloon
Badges
Playlists
Quests
Create
Leaderboards
Showdown
Live 5
Trivia Bingo
Activity
Puzzle Library
Sporcle Events
Private Events
Virtual Trivia
Globe League
Become a Host
Pub Owners
SporcleCon
Opinionation
Our Games
Videos
Blog
Mobile Apps
Partnerships
Remove Ads and Go Orange
Feedback
Just For Fun
Clickable
Get the Picture
Humor
Quick Pick
Word Ladder
Missing Word
Mixed Word
Blitz
Minefield
This or That
Alphabet
Color
Typing
Sporcle
Puzzle
Word Play
Follow That Line
Logic
Just For Fun
Clickable
Get the Picture
Humor
Quick Pick
Word Ladder
Missing Word
Mixed Word
Blitz
Minefield
This or That
Alphabet
Color
Typing
Sporcle
Puzzle
Word Play
Follow That Line
Logic
Random Quiz
Search Sporcle
×
Quiz Lab
Quiz Lab
Just For Fun
meme
Type in answers that appear in a list
Type in answers that appear in a list
Classic
Best Score? Go Orange.
Are you a Donger? Stats
Find out if you are a donger, i bet u are
By
bajablast
10m
37 Questions
26 Plays
26 Plays
26 Plays
Comments
Comments
Give Quiz Kudos
Give Quiz Kudos
-
- Ratings
hide this ad
More Info
Forced Order
Answers have to be entered in order
Answers have to be entered in order
Wrong Answers
Some wrong answers will appear in red
Some wrong answers will appear in red
Random Order
Randomize order of answers
Randomize order of answers
Replay
Link that replays current quiz
Next Quiz
Link to next quiz in quiz playlist
You Got
0%
They Got
Avg Score
25%
Avg Friend Score
Upgrade to see
Score Distribution
Jump to the score distribution portion of the page
Score
0/37
Timer
10:00
0
Plays Today
Hint
Answer
% Correct
are steelers a good team?
???
72.2%
ukraine?
???
72.2%
one lad two lad who lad
???
44%
name a good bene
???
40%
kevin wife
???
40%
wew lad
???
40%
carsot have
???
40%
kevin name
???
36%
dygi
???
36%
“*ahem* O, et-
lun, mm *ahem* *cough*”
???
36%
stephanie curry is
???
36%
walt
???
36%
beel
???
36%
CA OPENED ESERVICE TICKET
???
36%
here comes dat boi
???
33.3%
HOW DOES THAT MAKE IT RIGHT??!!
???
32%
bwelwieowhfhsiul;a/
s983r
???
32%
best soda
???
28%
matt
???
27.8%
Hint
Answer
% Correct
we had over 200 vires
???
22.2%
cram newt
???
22.2%
i heard profits are up this quarter
???
22.2%
i don't have any today
???
22.2%
bye i hope you
???
22.2%
'Lads I promise you wew, pls believe _
_
_
' -
kevin
???
22.2%
look at all that bacon
???
22.2%
normal greeting
???
16.7%
formal greeting
???
16.7%
im going to have a lot of
???
16.7%
name for bri
???
11.1%
he's cut from a different cloth
???
11.1%
wanmiaretm
???
11.1%
philip rivers oman
???
11.1%
wew lad he had a show lad he put it in a _
_
_
_
_
lad was it you lad
???
11.1%
:O
???
11.1%
one time adam was an
???
5.6%
best doritos
???
5.6%
Quiz Playlist
Details
Report
Send in Message
Add To Playlist
More Info:
do a good job
Classic:
Type in answers that appear in a list
Forced Order:
Answers have to be entered in order
Wrong Answers:
Some wrong answers will appear in red
Random Order:
Randomize order of answers
Last Updated: Feb 16, 2017
Quiz Scoreboard
CHALLENGE
Sign Up to Join the Scoreboard
Show All
Scores
Hide
Comments
May contain spoilers
Recently Published
College Basketball Coaching Resumes
by pancakes188
Sports
9m
Billboard Blitz: Fleetwood Mac
by CooCooCachoo
Music
15s
Presidents Visiting Landmarks
by Hejman
History
7m
More to Explore
Quiz From the Vault
Featured Blog Post
Where Did the Easter Bunny Come From?
hide this ad
You Might Also Like...
Tags
meme
Today's Top Quizzes in Just For Fun
Browse Just For Fun
hide this ad
Today's Top Quizzes in meme
Browse meme
Top Contributed Quizzes in Just For Fun
1
Killer Double Trees 224 - Colour Match-Up
2
Spring Typing Challenge
3
Crossword Whiteout! 49
4
Zeroing In: Just For Fun
5
Survivor Winners Logic Puzzle
6
Harry Potter Logic - 'In Chains' II
7
Word Ladder: Ahoy Matey
8
Kyle's 122nd Triple Trees
9
Word Ladder: Wilderness Weapon
10
Name Just One - 10 to 1: Just For Fun
Explore More
Trending Topics
Disney
Harry Potter
Kpop
Anime
NBA
Marvel
Crossword
Soccer
Puzzle
The Office
WWE
Pokémon
NFL
Song
Country
hide this ad
More By:
bajablast
Quiz
Plays
Rating
Category
Featured
Created
Alive or Dead?
132
2.00
Just For Fun
Jun 27, 2016
Are you a Donger?
26
3.40
Just For Fun
Jun 27, 2016
Go to Creator's Profile
Score Distribution
Quiz Creator Spotlight
bajablast
Follow
Send a Message
Quizzes Created
-
Created Quiz Play Count
-
More By This Creator
Popular Quizzes Today
1
Find the US States - No Outlines Minefield
2
Find the Countries of Europe - No Outlines Minefield
3
The Countries of the World
4
Find the US States
5
Risky Map Clicking: Biggest States A-Z
6
US States
7
Popular People in 1961
8
Movies - When Are They Set?
More Just For Fun Quizzes
Missing Word: Janeane Garofalo
Published
Trending Quizzes
Risky Map Clicking: Least Populous States A-Z
1-10 Letter G Words
1-10 Letter F Words
Risky Map Clicking: Next State Alphabetically
Risky Map Clicking: Biggest States A-Z
Recently Updated
Leaping Animals
pecheneg
Reality TV Shows (A-Z)
bhenderson79
Rickey Henderson's Hall of Fame Teammates
pecheneg
Champions League XIs: Arsenal
pecheneg
Quick Pick: Celebrities in WWE's Hall of Fame
aduchscher
A-Z Keypad Blitz II
pecheneg
Multiple Oscar Actors
pecheneg
Mystery Phrase Blitz: Oscar 'Best Actors'
pecheneg
F. Scott Fitzgerald Novels
LTH
Pick 3 Villains
ddd62291
Trending Topics
Disney
NBA
Harry Potter
Anime
Kpop
Crossword
Marvel
Soccer
Country
The Office
Pokémon
Puzzle
Song
NFL
WWE
Your Account Isn't Verified!
In order to create a playlist on Sporcle, you need to verify the email address you used during registration. Go to your
Sporcle Settings
to finish the process.
Report this User
Report this user for behavior that violates our
Community Guidelines
.
Details:
Send Report
Go to the Sporcle.com Mobile Site →
Comments